Sports Quiz

Random Sports or NFL Quiz

NFL Brett Favre TD Receivers Quiz Stats

 Plays Quiz Updated Nov 13, 2018

     
Support Sporcle.
Go Orange.
Score 0/61 Timer 08:00
2 Plays Today
TDs Player % Correct
36Donald Driver
83.7%
14Greg Jennings
70.5%
14Ahman Green
60%
57Antonio Freeman
56.4%
41Sterling Sharpe
55.4%
7Sidney Rice
53.2%
2James Jones
50%
29Bubba Franks
45%
11Percy Harvin
41.8%
2Thomas Jones
37.2%
11Keith Jackson
33.2%
16 Dorsey Levens
32.7%
16Mark Chmura
32.5%
13Visanthe Shiancoe
31.3%
32Robert Brooks
26.7%
19Javon Walker
26.4%
5Jerricho Cotchery
24.4%
8Donald Lee
23.2%
1Chester Taylor
23.2%
1Kitrick Taylor
23.1%
7Laveranues Coles
22.5%
1Charles Lee
22.5%
4Bernard Berrian
21.8%
2Randy Moss
19.7%
10Edgar Bennett
19.2%
1Adrian Peterson
18.4%
3Dustin Keller
18.1%
1Andre Rison
17.9%
1Greg Lewis
15.8%
13William Henderson
15.3%
4Ruvell Martin
14%
TDs Player % Correct
9David Martin
13.9%
4Don Beebe
12.5%
2Leon Washington
11.4%
12Tyrone Davis
11.3%
19Bill Schroeder
11.1%
12Robert Ferguson
10.8%
1Reggie Cobb
9.7%
6Jackie Harris
8.3%
1Samkon Gado
8.2%
1Koren Robinson
7.2%
1Darrell Thompson
6.1%
2Terry Glenn
5.4%
2Ed West
5.4%
3Chansi Stuckey
5.4%
5Derrick Mayes
4.4%
7Corey Bradford
4.4%
1Wesley Walls
4.1%
3Mark Clayton
4%
5Tony Fisher
3.6%
5Antonio Chatman
3.5%
8Anthony Morgan
3.3%
3Mark Ingram
3.2%
2Charles Jordan
3.2%
3Terry Mickens
3.2%
2Jeff Thomason
3.1%
1Naufahu Tahi
2.8%
2Jeff Dugan
2.5%
1Harry Sydney
2.2%
2Noah Herron
1.9%
1 Greg Camarillo
1.3%

From the Vault

Remove Ads.
Support Sporcle.
Get the best of Sporcle when you Go Orange. This ad-free experience offers more features, more stats, and more fun while also helping to support Sporcle. Thank you for becoming a member.

Show Comments

Extras

Top Quizzes Today


Score Distribution

Your Account Isn't Verified!

In order to create a playlist on Sporcle, you need to verify the email address you used during registration. Go to your Sporcle Settings to finish the process.

Report this User

Report this user for behavior that violates our Community Guidelines.

Details: